000 00752cab a2200241 4500
001 WB2726-23
008 090401t1991 xxu||||| |||| 00| 0 eng d
035 _a(Sirsi) u27852
041 _aeng
245 _aReviewing the reviewers
260 _c1991
350 _a0
490 _aEstates Gazette
_vno 9125 29/6/91 p66
520 _aClive Lewis has criticised surveyors for taking on the role of independent experts and arbitrators in rent review cases without the necessary expertise.
650 _aFEES
650 _aPROPERTY MANAGERS ASSOCIATION
650 _aRETAIL PROPERTY
650 _aRICS
650 _aSHOP AGENTS SOCIETY
690 _aMANAGEMENT-BUSINESS MANAGEMENT-PROFESSIONAL PRACTICE
942 _n0
948 _c04/03/1997
999 _c18771
_d18771